000 01746cam a22004694i 4500
003 PE-LiUPU
005 20250731173432.0
008 150616s1977 ag r 000 0 spa d
035 _a(Sirsi) a528
040 _aPE-LiUPU
_bspa
_cPE-LiUPU
_erda
049 _aPRUA
082 0 4 _a280.3
_bR94
_221
100 1 _aRuiz, Luis Alberto,
_eautor.
245 1 0 _aDiccionario de sectas y herejías /
_cLuis Alberto Ruiz.
264 1 _aBuenos Aires :
_bEditorial Claridad,
_c1977.
300 _a268 páginas ;
_c20 centímetros.
336 _atext
_2rdacontent
337 _aunmediated
_2rdamedia
338 _avolume
_2rdacarrier
490 0 _aColección Diccionarios ;
_v11
505 0 _aHistoria de las iglesias -- Los concilios -- Sectas y herejías -- Los iconoclastas -- La reforma -- El pontificado y los antipapas -- Dogmas y bulas -- Sociedades secretas -- Órdenes religiosas.
526 _aSEG42
526 _aSEG41
526 _aSEG40
526 _aSEG39
526 _aP94
526 _aP87
526 _aP86
526 _aP85
526 _aP77
526 _aP76
526 _aP35
650 0 4 _aSectas cristianas
_vDiccionarios
_xEspañola.
650 0 4 _aHerejías cristianas
_vDiccionarios
_xEspañola.
910 _ajck
_bjvq
_cjck
942 _2ddc
_cBOOK
949 _a280.3 R94
_wDEWEY
_c1
_i22493
_lCCODEBUL1
_mBUL
_p00.00
_r0
_sY
_tBOOK
_u19840317
_xTEOLOGIA
_zUNKNOWN
_0COMPRA
_o.STAFF. Colección General
994 _aC0
_bPEPRU
596 _a1
999 _a280.3 R94
_wDEWEY
_c55446
_i22493
_d55446
_e2015-10-23
_f2021-11-12
_g5
_lCCODEBUL1
_mBUL
_n3
_p55.32
_r0
_sY
_tBOOK
_u2015-6-16
_xTEOLOGIA
_PP35
_0COMPRA
_o.STAFF. Colección Teología
980 _81
_gALBERTO SANCHEZ Responsable de Automatización